000 00278nam a2200121 a 4500
008 101025s1975|||| d
245 1 0 _aSynovia a milenci
100 1 _aLawrence, D. H.
260 _bTatran
_aBratislava
_c1975
020 _c31
041 _aslo
044 _axo
_cSK
999 _c12149
_d12149